Single Euro Payments Area bakalárska práca

Uložené v:
Podrobná bibliografia
Hlavný autor: Kováčová, Andrea
Korporativný autor: Národohospodárska fakulta EU. Katedra bankovníctva a medzinárodných financií
Ďalší autori: Šimko, Martin
Médium: Kniha
Jazyk:Slovak
Vydavateľské údaje: Bratislava 2010
Tagy: Pridať tag
Žiadne tagy, Buďte prvý, kto otaguje tento záznam!

MARC

LEADER 00000nbm a2200000 4500
001 0132922
005 20161109111454.2
041 0 |a slo 
044 |a SK 
245 1 0 |a Single Euro Payments Area  |b bakalárska práca  |c Andrea Kováčová ; školiteľ: Martin Šimko 
264 1 |a Bratislava  |c 2010 
300 |a 46 s. 
100 1 |a Kováčová, Andrea 
700 1 |a Šimko, Martin 
710 2 |a Národohospodárska fakulta EU. Katedra bankovníctva a medzinárodných financií